[Event "Beloeil Mini 1"]
[Site "Beloeil CAN"]
[Date "1989.01.28"]
[Round "2"]
[White "Lagasse, Pascal"]
[Black "Morin, Louis"]
[Result "1/2-1/2"]
[WhiteElo "1965"]
[BlackElo "1910"]
[PlyCount "126"]
[GameId "2160767912519795"]
[EventDate "1989.01.28"]
[EventType "swiss"]
[EventRounds "3"]
[EventCountry "CAN"]
[SourceTitle "hb 2013"]

1. e4 e5 2. Nf3 d6 3. d4 Nf6 4. Nc3 Nbd7 5. Bg5 Be7 6. Qd2 h6 7. Bxf6 Bxf6 8. Nd5 O-O 9. g4 c6 10. Nxf6+ Nxf6 11. O-O-O Bxg4 12. Qe3 Bxf3 13. Qxf3 Qe7 14. Rg1 Kh7 15. h4 g6 16. Be2 Nh5 17. Qg4 Nf4 18. Bf3 h5 19. Qg3 Qe6 20. Kb1 Rad8 21. Rh1 Qf6 22. dxe5 dxe5 23. Rhg1 Rxd1+ 24. Bxd1 Rd8 25. a3 Ne6 26. Qg2 Rd2 27. Rf1 Qf4 28. Ka2 Nc5 29. Bxh5 Qxe4 30. Qxe4 Nxe4 31. Bf3 Rxf2 32. Re1 Nd2 33. Be2 f5 34. b4 Kg7 35. Kb2 Kf6 36. a4 Nf3 37. Bxf3 Rxf3 38. Rh1 Rf4 39. Kc3 e4 40. b5 c5 41. Kc4 e3+ 42. Kd3 Rxa4 43. Kxe3 Rb4 44. Ra1 Rxb5 45. Rxa7 Rb4 46. c3 Rb3 47. Kf4 Rxc3 48. Rxb7 Rc4+ 49. Kg3 Rg4+ 50. Kh3 g5 51. hxg5+ Kxg5 52. Rc7 c4 53. Rc6 Rd4 54. Kg3 Rd3+ 55. Kf2 c3 56. Rc4 f4 57. Rc8 Re3 58. Kg2 Kf5 59. Rc4 Ke5 60. Kf2 Rd3 61. Ke2 Rd2+ 62. Ke1 Rc2 63. Kd1 f3 1/2-1/2

[Event "Beloeil Mini 1"]
[Site "Beloeil CAN"]
[Date "1989.01.28"]
[Round "3"]
[White "Morin, Louis"]
[Black "Therrien, Michel"]
[Result "1/2-1/2"]
[WhiteElo "1910"]
[BlackElo "1865"]
[PlyCount "67"]
[GameId "2160767912519796"]
[EventDate "1989.01.28"]
[EventType "swiss"]
[EventRounds "3"]
[EventCountry "CAN"]
[SourceTitle "hb 2013"]

1. e4 c5 2. d4 cxd4 3. c3 dxc3 4. Nxc3 Nc6 5. Nf3 d6 6. Bc4 e6 7. O-O Be7 8. Qe2 Qc7 9. Bf4 Nf6 10. Rfd1 a6 11. Rac1 e5 12. Nd5 Nxd5 13. exd5 exf4 14. dxc6 bxc6 15. Bd5 Bb7 16. Qc4 O-O 17. Bxc6 Rac8 18. Bd5 Qa5 19. Qe4 Rxc1 20. Rxc1 Qxd5 21. Qxe7 Bc6 22. b3 Re8 23. Qc7 Bb7 24. Qc4 Qxc4 25. Rxc4 g5 26. h3 h6 27. Rc7 Bxf3 28. gxf3 Re1+ 29. Kg2 Re2 30. Rc6 Rxa2 31. Rxd6 Kg7 32. b4 Rb2 33. Rxa6 Rxb4 34. Rc6 1/2-1/2

[Event "Beloeil Mini 2"]
[Site "Beloeil CAN"]
[Date "1989.02.18"]
[Round "1"]
[White "Morin, Louis"]
[Black "Tremblay, Stephane"]
[Result "1-0"]
[WhiteElo "1940"]
[BlackElo "1111"]
[PlyCount "45"]
[GameId "2160767912519771"]
[EventDate "1989.02.18"]
[EventType "swiss"]
[EventRounds "3"]
[EventCountry "CAN"]
[SourceTitle "hb 2013"]

1. e4 e5 2. Nf3 Nc6 3. Nc3 Nf6 4. Bb5 Bc5 5. O-O d5 6. exd5 Nxd5 7. Nxe5 a6 8. Nxc6 bxc6 9. Bxc6+ Bd7 10. Bxd5 c6 11. Bxf7+ Kxf7 12. Qh5+ g6 13. Qxc5 Qc7 14. d4 Be6 15. d5 Bxd5 16. Nxd5 h5 17. Nxc7 Rad8 18. Bg5 Rd7 19. Rfe1 Rxc7 20. Re7+ Rxe7 21. Qxe7+ Kg8 22. Rd1 Rh7 23. Rd8# 1-0

[Event "Beloeil Mini 2"]
[Site "Beloeil CAN"]
[Date "1989.02.18"]
[Round "3"]
[White "Morin, Louis"]
[Black "Therrien, Michel"]
[Result "1/2-1/2"]
[WhiteElo "1940"]
[BlackElo "1780"]
[PlyCount "52"]
[GameId "2160767912519773"]
[EventDate "1989.02.18"]
[EventType "swiss"]
[EventRounds "3"]
[EventCountry "CAN"]
[SourceTitle "hb 2013"]

1. e4 c5 2. d4 cxd4 3. c3 dxc3 4. Nxc3 Nc6 5. Nf3 d6 6. Bc4 e6 7. O-O Nf6 8. Qe2 Be7 9. Rd1 Qc7 10. Bf4 a6 11. Rac1 O-O 12. Bb3 e5 13. Nd5 Nxd5 14. exd5 exf4 15. dxc6 bxc6 16. Rxc6 Qxc6 17. Bd5 Qb5 18. Qxb5 axb5 19. Bxa8 Be6 20. Bd5 Bf6 21. Bxe6 fxe6 22. Rxd6 Bxb2 23. Rxe6 Ra8 24. Rb6 Rxa2 25. g3 fxg3 26. hxg3 Bf6 1/2-1/2

[Event "CAN-ch"]
[Site "Windsor CAN"]
[Date "1989.??.??"]
[Round "?"]
[White "Hamilton, Robert"]
[Black "Southam, David"]
[Result "1-0"]
[WhiteElo "2300"]
[BlackElo "2255"]
[PlyCount "126"]
[GameId "2160767912519221"]
[EventDate "1989.06.10"]
[EventType "tourn"]
[EventRounds "15"]
[EventCountry "CAN"]
[SourceTitle "EXT 1997"]
[Source "ChessBase"]
[SourceDate "1996.11.15"]
[SourceVersion "1"]
[SourceVersionDate "1996.11.15"]
[SourceQuality "1"]

1. e4 e6 2. d4 d5 3. Nc3 Bb4 4. e5 Ne7 5. Nge2 c5 6. Bd2 O-O 7. dxc5 Nec6 8. f4 Bxc5 9. Nc1 a6 10. Nd3 Be7 11. Qh5 f6 12. O-O-O Qe8 13. Qe2 b5 14. exf6 Bxf6 15. Re1 Qf7 16. g3 Nd4 17. Qf2 Nbc6 18. Ne2 Qc7 19. Nxd4 Bxd4 20. Be3 Bf6 21. Bb6 Qb7 22. Bc5 Rf7 23. Bg2 Bd7 24. Re2 Kh8 25. Qe3 Na5 26. Bd4 Rc8 27. Ne5 Bxe5 28. Bxe5 Nc4 29. Qd4 Nxe5 30. Qxe5 b4 31. b3 a5 32. Bh3 a4 33. Bxe6 Bxe6 34. Qxe6 h6 35. Rhe1 Kh7 36. f5 Rc6 37. Qe5 Qd7 38. g4 d4 39. Rd2 d3 40. Qe4 Rxc2+ 41. Rxc2 dxc2 42. Qe6 Qd4 43. Qg6+ Kg8 44. Re8+ Rf8 45. Qe6+ Kh7 46. Kxc2 Qc3+ 47. Kd1 Qa1+ 48. Kd2 Qxa2+ 49. Kd3 Qb1+ 50. Kd4 Qg1+ 51. Kd5 Qd1+ 52. Kc5 Qc2+ 53. Kb5 Rxe8 54. Qg6+ Kh8 55. Qxe8+ Kh7 56. Kxa4 Qc1 57. Qe6 Qc5 58. f6 Qa7+ 59. Kxb4 Qb8+ 60. Kc5 gxf6 61. Qf7+ Kh8 62. Qxf6+ Kh7 63. Qe7+ Kg8 1-0

[Event "CAN-ch"]
[Site "Windsor CAN"]
[Date "1989.??.??"]
[Round "?"]
[White "Spraggett, Kevin"]
[Black "Gentes, Kevin"]
[Result "1-0"]
[WhiteElo "2585"]
[BlackElo "2235"]
[PlyCount "59"]
[GameId "2160767912519271"]
[EventDate "1989.06.10"]
[EventType "tourn"]
[EventRounds "15"]
[EventCountry "CAN"]
[SourceTitle "EXT 1997"]
[Source "ChessBase"]
[SourceDate "1996.11.15"]
[SourceVersion "1"]
[SourceVersionDate "1996.11.15"]
[SourceQuality "1"]

1. c4 e6 2. Nc3 d5 3. d4 c6 4. e3 f5 5. Bd3 Nf6 6. Nge2 Bd6 7. f3 a6 8. Bd2 b5 9. c5 Bc7 10. Qc2 a5 11. h3 Na6 12. a3 Qe7 13. O-O O-O 14. e4 dxe4 15. fxe4 e5 16. b4 fxe4 17. Nxe4 Be6 18. Nxf6+ gxf6 19. Rae1 Qd7 20. Rf3 axb4 21. axb4 Rae8 22. Ra1 Nb8 23. Bh6 Rf7 24. Bxh7+ Rxh7 25. Qg6+ Kh8 26. Qxf6+ Rg7 27. Rg3 Reg8 28. Bxg7+ Rxg7 29. Qh6+ Rh7 30. Qf8+ 1-0

[Event "CAN-ch U16"]
[Site "Toronto CAN"]
[Date "1989.03.??"]
[Round "?"]
[White "Kerr, Chris"]
[Black "Olszewski, Peter"]
[Result "0-1"]
[WhiteElo "1909"]
[BlackElo "1955"]
[PlyCount "60"]
[GameId "2160767912519601"]
[EventDate "1989.03.18"]
[EventType "tourn"]
[EventRounds "9"]
[EventCountry "CAN"]
[SourceTitle "CFC 1989.06"]

1. e4 c5 2. Nf3 e6 3. d3 Nc6 4. g3 g6 5. Bg2 Bg7 6. O-O Nge7 7. Nh4 O-O 8. f4 d6 9. Nf3 b5 10. a4 b4 11. Nbd2 Qc7 12. Nc4 Ba6 13. Ne3 Nd4 14. Kh1 Rad8 15. Nxd4 cxd4 16. f5 dxe3 17. f6 Bh6 18. fxe7 Qxe7 19. Re1 d5 20. Bxe3 Bxe3 21. Rxe3 d4 22. Re2 e5 23. Qd2 b3 24. Qa5 Qd6 25. cxb3 Rb8 26. Bf1 Bxd3 27. Ree1 Bxf1 28. Rxf1 Rxb3 29. Qxa7 Rxb2 30. a5 Qc6 0-1

[Event "CAN-ch U16"]
[Site "Toronto CAN"]
[Date "1989.03.??"]
[Round "?"]
[White "Lamb, Bryan"]
[Black "Littke, Adam"]
[Result "1-0"]
[WhiteElo "2122"]
[BlackElo "1966"]
[PlyCount "45"]
[GameId "2160767912519602"]
[EventDate "1989.03.18"]
[EventType "tourn"]
[EventRounds "9"]
[EventCountry "CAN"]
[SourceTitle "CFC 1989.06"]

1. e4 e6 2. d4 d5 3. Nd2 c5 4. exd5 Qxd5 5. Ngf3 cxd4 6. Bc4 Qd6 7. O-O Nf6 8. Re1 Nc6 9. Nb3 Qc7 10. Nbxd4 Nxd4 11. Qxd4 Bc5 12. Bb5+ Kf8 13. Qh4 Bd7 14. Bxd7 Qxd7 15. Bg5 Be7 16. Rad1 Qc7 17. Ne5 Rd8 18. Ng4 Qxc2 19. Rxd8+ Bxd8 20. Nxf6 Bxf6 21. Qb4+ Ke8 22. Rc1 Qf5 23. Rc8+ 1-0

[Event "CAN-ch U16"]
[Site "Toronto CAN"]
[Date "1989.03.??"]
[Round "?"]
[White "Morrissey, Leonard"]
[Black "Littke, Adam"]
[Result "0-1"]
[WhiteElo "1800"]
[BlackElo "1966"]
[PlyCount "78"]
[GameId "2160767912519603"]
[EventDate "1989.03.18"]
[EventType "tourn"]
[EventRounds "9"]
[EventCountry "CAN"]
[SourceTitle "CFC 1989.06"]

1. e4 e6 2. d4 d5 3. Nc3 Bb4 4. e5 c5 5. a3 Bxc3+ 6. bxc3 Ne7 7. Qg4 Qc7 8. Qxg7 Rg8 9. Qxh7 cxd4 10. Ne2 Nbc6 11. f4 Bd7 12. Qd3 dxc3 13. Nxc3 a6 14. Rb1 Rc8 15. Bd2 Na5 16. g3 Nc4 17. Rb3 Bc6 18. Bg2 b5 19. Bf3 Qd8 20. Ne2 Nf5 21. Nd4 Nxd4 22. Qxd4 a5 23. Qa1 Qb6 24. a4 Nxd2 25. Kxd2 Qf2+ 26. Kc1 b4 27. Rd3 Ke7 28. Qd4 Qxd4 29. Rxd4 Bxa4 30. Bd1 Rc3 31. Kb2 Rgc8 32. Rd2 Bb5 33. Be2 Bxe2 34. Rxe2 a4 35. Ra1 a3+ 36. Kb1 d4 37. Rd2 d3 38. Rxd3 Rxc2 39. h4 Rb2# 0-1

[Event "CAN-ch U16"]
[Site "Toronto CAN"]
[Date "1989.03.??"]
[Round "?"]
[White "Olszewski, Peter"]
[Black "Lamb, Bryan"]
[Result "1/2-1/2"]
[WhiteElo "1955"]
[BlackElo "2122"]
[PlyCount "63"]
[GameId "2160767912519604"]
[EventDate "1989.03.18"]
[EventType "tourn"]
[EventRounds "9"]
[EventCountry "CAN"]
[SourceTitle "CFC 1989.06"]

1. d4 Nf6 2. c4 b6 3. Nf3 Bb7 4. e3 e6 5. Nc3 Bb4 6. Bd3 Ne4 7. Qc2 f5 8. O-O Bxc3 9. bxc3 O-O 10. Nd2 Qh4 11. f3 Ng5 12. Qd1 Rf6 13. Qe1 Qh5 14. Qg3 Rg6 15. Qxc7 Bxf3 16. Nxf3 Nxf3+ 17. Rxf3 Qxf3 18. Qc8+ Kf7 19. Bf1 Qc6 20. Qxc6 Nxc6 21. Ba3 e5 22. Bd3 e4 23. Bc2 d6 24. Rf1 Rf6 25. g4 Na5 26. g5 Rg6 27. Rxf5+ Ke7 28. Bxe4 Rf8 29. Rxf8 Rxg5+ 30. Kf2 Kxf8 31. Bxd6+ Ke8 32. Bf4 1/2-1/2

[Event "CAN-ch U20 1989-90"]
[Site "Toronto CAN"]
[Date "1989.12.??"]
[Round "?"]
[White "Becker, Lev"]
[Black "Lamb, Bryan"]
[Result "1-0"]
[WhiteElo "2002"]
[BlackElo "2156"]
[PlyCount "60"]
[GameId "2160767912494136"]
[EventDate "1989.12.26"]
[EventType "tourn"]
[EventRounds "11"]
[EventCountry "CAN"]
[SourceTitle "CFC 1990.04"]

1. e4 c5 2. Nf3 d6 3. d4 cxd4 4. Nxd4 Nf6 5. Nc3 g6 6. Be3 Bg7 7. f3 O-O 8. Qd2 Nc6 9. Bc4 Bd7 10. O-O-O Ne5 11. Bb3 Qa5 12. Kb1 Rfc8 13. Bh6 Nc4 14. Bxc4 Bxh6 15. Qxh6 Rxc4 16. g4 Qb6 17. Nce2 Rac8 18. c3 a5 19. h4 a4 20. h5 a3 21. b3 e5 22. Nf5 Bxf5 23. gxf5 Rxc3 24. hxg6 fxg6 25. Rdg1 Rxb3+ 26. Ka1 Rb2 27. Rxg6+ Kf7 28. Rxf6+ Ke8 29. Qf8+ Kd7 30. Rxh7+ Kc6 1-0

[Event "CAN-ch U20 1989-90"]
[Site "Toronto CAN"]
[Date "1989.12.??"]
[Round "?"]
[White "Ferguson, Peter"]
[Black "Butan, Radu"]
[Result "0-1"]
[WhiteElo "1982"]
[BlackElo "2029"]
[PlyCount "132"]
[GameId "2160767912494137"]
[EventDate "1989.12.26"]
[EventType "tourn"]
[EventRounds "11"]
[EventCountry "CAN"]
[SourceTitle "CFC 1990.04"]

1. f4 d5 2. Nf3 g6 3. e3 Bg7 4. c4 Nf6 5. Nc3 O-O 6. b3 Be6 7. d4 c5 8. Bb2 cxd4 9. Nxd4 Bg4 10. Be2 Bxe2 11. Qxe2 dxc4 12. Qxc4 Nbd7 13. O-O Rc8 14. Qb4 Qb6 15. Qxb6 Nxb6 16. e4 Rfd8 17. Rfd1 e5 18. fxe5 Ng4 19. Ndb5 Bxe5 20. Nxa7 Bxh2+ 21. Kh1 Ra8 22. Nab5 Be5 23. Rf1 Rd2 24. Bc1 Rc2 25. Rf4 Bxf4 26. Bxf4 Rc8 27. Nd5 Nxd5 28. exd5 R2c5 29. Nd6 Ra8 30. Nxb7 Rxd5 31. a4 Ra7 32. Nd6 Rd7 33. a5 R5xd6 34. Bxd6 Rxd6 35. a6 Rd8 36. b4 Ne5 37. b5 Nc4 38. Rc1 Nb6 39. Rc6 Rb8 40. a7 Rb7 41. Rxb6 Rxa7 42. Rb8+ Kg7 43. Kh2 Ra3 44. b6 Rb3 45. b7 h5 46. Kg1 Rb2 47. Kf1 g5 48. Ke1 h4 49. Kd1 g4 50. Kc1 Rb6 51. Kc2 g3 52. Rc8 Rxb7 53. Rc4 Ra7 54. Rxh4 Ra2+ 55. Kd3 Rxg2 56. Ke3 Ra2 57. Rh1 Kg6 58. Rg1 Kf5 59. Rf1+ Kg4 60. Rxf7 Kh3 61. Rh7+ Kg2 62. Rg7 Rf2 63. Ra7 Rf8 64. Ra2+ Kh1 65. Ra7 Rh8 66. Ra1+ Kh2 0-1

[Event "CAN-ch U20 1989-90"]
[Site "Toronto CAN"]
[Date "1989.12.??"]
[Round "?"]
[White "Littke, Adam"]
[Black "Livshits, Ron"]
[Result "1/2-1/2"]
[WhiteElo "2194"]
[BlackElo "2264"]
[PlyCount "98"]
[GameId "2160767912494138"]
[EventDate "1989.12.26"]
[EventType "tourn"]
[EventRounds "11"]
[EventCountry "CAN"]
[SourceTitle "CFC 1990.04"]

1. d4 Nf6 2. c4 g6 3. Nc3 Bg7 4. e4 O-O 5. Nf3 d6 6. Be2 e5 7. O-O Nc6 8. d5 Ne7 9. b4 Nh5 10. c5 f5 11. Ng5 Nf4 12. exf5 Nxe2+ 13. Qxe2 gxf5 14. cxd6 cxd6 15. Rd1 h6 16. Nf3 Ng6 17. a4 e4 18. Nd4 Be5 19. Qh5 Qf6 20. Bxh6 Bxd4 21. Rxd4 Kf7 22. Ne2 Rh8 23. Rc1 Bd7 24. Rc7 Rad8 25. Rdc4 Ke7 26. Nd4 Rdg8 27. Bg5 Rxh5 28. Bxf6+ Kxf6 29. Rxd7 Nf4 30. g3 Ke5 31. Nc2 Nxd5 32. Rxb7 Rgh8 33. h4 R5h7 34. Rxh7 Rxh7 35. Kf1 Nb6 36. Rc6 Nxa4 37. Ke2 Nb6 38. Ne3 Rd7 39. f4+ exf3+ 40. Kxf3 d5 41. Rc5 Na4 42. Ra5 Nb2 43. Rc5 Nd3 44. Rb5 Ke6 45. h5 d4 46. Nxf5 Nxb4 47. Rxb4 Kxf5 48. Rb5+ Kf6 49. Ke2 d3+ 1/2-1/2

[Event "CAN-ch U20 1989-90"]
[Site "Toronto CAN"]
[Date "1989.12.??"]
[Round "?"]
[White "Livshits, Ron"]
[Black "Becker, Lev"]
[Result "1-0"]
[WhiteElo "2264"]
[BlackElo "2002"]
[PlyCount "85"]
[GameId "2160767912494139"]
[EventDate "1989.12.26"]
[EventType "tourn"]
[EventRounds "11"]
[EventCountry "CAN"]
[SourceTitle "CFC 1990.04"]

1. c4 Nf6 2. Nc3 e5 3. Nf3 d6 4. d4 exd4 5. Nxd4 g6 6. e4 Bg7 7. Be2 O-O 8. O-O Nbd7 9. Be3 Re8 10. f3 c6 11. Qd2 d5 12. exd5 cxd5 13. Ndb5 dxc4 14. Nd6 Rf8 15. Bxc4 Ne5 16. Bb3 Qe7 17. Bf4 Ne8 18. Nxc8 Rxc8 19. Nd5 Qc5+ 20. Be3 Qd6 21. Rac1 Nf6 22. Bc5 Rxc5 23. Nxf6+ Qxf6 24. Rxc5 Qb6 25. Qa5 Qf6 26. Rd5 Nc6 27. Qb5 Qxb2 28. Qxb7 Nd4 29. Rd7 Ne2+ 30. Kh1 Nf4 31. Rg1 Kh8 32. Rxf7 Nd3 33. h4 Nf2+ 34. Kh2 Be5+ 35. f4 Ng4+ 36. Kh3 Nf2+ 37. Kg3 Bxf4+ 38. Rxf4 Qe5 39. Qf3 Nd3 40. Qxd3 Qxf4+ 41. Kh3 h5 42. Qxg6 Qe3+ 43. g3 1-0

[Event "CAN-ch w"]
[Site "Scarborough CAN"]
[Date "1989.09.15"]
[Round "1"]
[White "Baltgailis, Vesma"]
[Black "Mongeau, Diane"]
[Result "1-0"]
[WhiteElo "1984"]
[BlackElo "1903"]
[PlyCount "71"]
[GameId "2160767912502422"]
[EventDate "1989.09.15"]
[EventType "tourn"]
[EventRounds "10"]
[EventCountry "CAN"]
[SourceTitle "CFC 1989.12"]

1. c4 Nf6 2. g3 c6 3. Nf3 d5 4. b3 Bf5 5. Bg2 Nbd7 6. Bb2 e6 7. O-O Bd6 8. d3 Qe7 9. Nc3 Ba3 10. Bc1 Bxc1 11. Rxc1 O-O 12. Re1 Rfd8 13. cxd5 Nxd5 14. Nxd5 exd5 15. Qc2 Ne5 16. Nxe5 Qxe5 17. Qc5 Qd6 18. Qa5 Bg6 19. Rc2 Re8 20. e4 dxe4 21. dxe4 Re5 22. Qd2 Qxd2 23. Rxd2 Rae8 24. f4 R5e7 25. g4 f6 26. f5 Bf7 27. Red1 Kf8 28. Kf2 c5 29. Rd6 c4 30. b4 c3 31. Rc1 Bxa2 32. Rxc3 b5 33. Rc1 Bb3 34. Rd3 Ba4 35. Rd6 Bb3 36. Rdc6 1-0

[Event "CAN-ch w"]
[Site "Scarborough CAN"]
[Date "1989.09.15"]
[Round "1"]
[White "Palamarek, Dianna"]
[Black "Starr (Shterenberg), Nava"]
[Result "0-1"]
[WhiteElo "1860"]
[BlackElo "2193"]
[PlyCount "102"]
[GameId "2160767912502423"]
[EventDate "1989.09.15"]
[EventType "tourn"]
[EventRounds "10"]
[EventCountry "CAN"]
[SourceTitle "CFC 1989.12"]

1. e4 e5 2. Nf3 d6 3. d4 exd4 4. Qxd4 Nf6 5. Nc3 Be7 6. Bf4 O-O 7. O-O-O a6 8. h3 b5 9. e5 dxe5 10. Qxd8 Rxd8 11. Bxe5 Rxd1+ 12. Kxd1 c5 13. Be2 Bb7 14. Re1 Nc6 15. Bh2 Kf8 16. Bf1 Rd8+ 17. Kc1 Nd4 18. Nxd4 cxd4 19. Nd1 Bb4 20. Re2 Rc8 21. Kb1 Be4 22. Rxe4 Nxe4 23. Bd3 Re8 24. a3 Bd6 25. Bxd6+ Nxd6 26. a4 g6 27. axb5 axb5 28. Kc1 Re1 29. Kd2 Re5 30. c3 dxc3+ 31. Kxc3 Ke7 32. Ne3 Kd7 33. Kd4 Rg5 34. Be2 b4 35. Bf3 Ra5 36. Nd5 Ra2 37. Nxb4 Rxb2 38. Nd3 Rb1 39. Ke5 Ke7 40. h4 f6+ 41. Kf4 Rb3 42. Be2 Nf5 43. g3 Kd6 44. Ke4 Ra3 45. Bd1 Rc3 46. Nf4 Rc4+ 47. Kf3 Ke5 48. Nd3+ Kd4 49. Nf4 Kc3 50. Ne6 Kd2 51. Be2 Rc3+ 0-1

[Event "CAN-ch w"]
[Site "Scarborough CAN"]
[Date "1989.09.15"]
[Round "1"]
[White "Vujosevic, Smilja"]
[Black "Das, Urmila"]
[Result "1-0"]
[WhiteElo "1956"]
[BlackElo "1813"]
[PlyCount "110"]
[GameId "2160767912502424"]
[EventDate "1989.09.15"]
[EventType "tourn"]
[EventRounds "10"]
[EventCountry "CAN"]
[SourceTitle "CFC 1989.12"]

1. c4 e6 2. g3 d5 3. cxd5 exd5 4. Bg2 Nf6 5. Nf3 Nbd7 6. O-O Bd6 7. d3 O-O 8. Nc3 c6 9. Bd2 Re8 10. e3 Qc7 11. Rc1 Nc5 12. Ne1 Bf5 13. d4 Nd3 14. Nxd3 Bxd3 15. Re1 Qb6 16. Na4 Qb5 17. Bf1 Bxf1 18. Rxf1 Ne4 19. Bc3 Rac8 20. b3 Ba3 21. Bb2 Qb4 22. Bxa3 Qxa3 23. Rc2 Qe7 24. Nc5 Nxc5 25. Rxc5 Qe4 26. Rc3 Rc7 27. Qc2 Rce7 28. Qxe4 Rxe4 29. Rfc1 f5 30. Kg2 g5 31. Kf3 Kf7 32. b4 f4 33. gxf4 gxf4 34. Rg1 fxe3 35. fxe3 R8e6 36. Rg2 Rf6+ 37. Ke2 Rfe6 38. Kf3 a6 39. a4 Rf6+ 40. Ke2 Rh4 41. Rc2 Re4 42. Kd3 Re7 43. Rcf2 Ree6 44. Rxf6+ Rxf6 45. Ke2 h6 46. Rg3 b6 47. Rg4 h5 48. Rg5 Rh6 49. h4 a5 50. bxa5 bxa5 51. Kd3 Rg6 52. Rxh5 Rg1 53. Rh7+ Ke6 54. Ra7 Rh1 55. Rxa5 Rxh4 1-0

[Event "CAN-ch w"]
[Site "Scarborough CAN"]
[Date "1989.09.16"]
[Round "2"]
[White "Mongeau, Diane"]
[Black "Vujosevic, Smilja"]
[Result "0-1"]
[WhiteElo "1903"]
[BlackElo "1956"]
[PlyCount "196"]
[GameId "2160767912502425"]
[EventDate "1989.09.15"]
[EventType "tourn"]
[EventRounds "10"]
[EventCountry "CAN"]
[SourceTitle "CFC 1989.12"]

1. d4 d5 2. c4 e6 3. Nc3 Nf6 4. Bg5 Be7 5. e3 O-O 6. cxd5 exd5 7. Qc2 c6 8. Bd3 h6 9. Bxf6 Bxf6 10. Nge2 Be6 11. O-O Nd7 12. b4 a6 13. a4 Rc8 14. Rfc1 Be7 15. Rab1 Nf6 16. Ng3 Bd6 17. a5 Bb8 18. Na4 Qe7 19. Nc5 Bd6 20. Nf5 Bxf5 21. Bxf5 Rb8 22. Qe2 Rfe8 23. Qf3 Bc7 24. g3 Bd6 25. Qg2 g6 26. Bc2 Kg7 27. Re1 Bc7 28. f3 Qd6 29. Re2 Re7 30. Bd3 Ree8 31. Qf2 Re7 32. Rbe1 Bd8 33. Kg2 Nh5 34. g4 Nf6 35. Qg3 Bc7 36. Qxd6 Bxd6 37. h3 Rbe8 38. Kf2 Kf8 39. Bc2 Kg7 40. e4 dxe4 41. fxe4 Bf4 42. Kf3 g5 43. Bb3 Rd8 44. Rd1 Rde8 45. Bc4 Bb8 46. d5 cxd5 47. exd5 Bd6 48. Rde1 Rxe2 49. Rxe2 Rc8 50. Rc2 Rc7 51. Bb3 Kf8 52. Ke3 Ke7 53. Kd4 Bf4 54. Nd3 Rxc2 55. Bxc2 Kd6 56. Bb3 Bd2 57. Kc4 Nxd5 58. Kd4 Nxb4 59. Bxf7 Nxd3 60. Kxd3 Bxa5 61. Ke4 Be1 62. Kd4 Bf2+ 63. Kc4 b5+ 64. Kb4 Be1+ 65. Kb3 a5 66. Be8 Kc5 67. Bd7 Bg3 68. Be8 Be5 69. Bd7 Bd6 70. Be8 a4+ 71. Ka3 Kc4+ 72. Kb2 a3+ 73. Kc2 Be5 74. Bf7+ Kd4 75. Kb3 Bd6 76. Be8 b4 77. Bf7 Kd3 78. Be6 Ke3 79. Bd5 Kf2 80. Bf7 Kg3 81. Bh5 Kxh3 82. Ka2 Kg3 83. Kb3 Kf3 84. Ka2 Ke3 85. Kb3 Kd3 86. Bg6+ Kd2 87. Bf7 Kc1 88. Bg6 Be5 89. Ka2 Kd2 90. Kb3 Bg7 91. Ka2 Kc3 92. Bf7 Bf8 93. Be6 h5 94. gxh5 g4 95. h6 g3 96. h7 Bg7 97. Bd5 Bh8 98. Be4 Kd4 0-1

[Event "CAN-ch w"]
[Site "Scarborough CAN"]
[Date "1989.09.16"]
[Round "2"]
[White "Palamarek, Dianna"]
[Black "Baltgailis, Vesma"]
[Result "1-0"]
[WhiteElo "1860"]
[BlackElo "1984"]
[PlyCount "131"]
[GameId "2160767912502426"]
[EventDate "1989.09.15"]
[EventType "tourn"]
[EventRounds "10"]
[EventCountry "CAN"]
[SourceTitle "CFC 1989.12"]

1. e4 c5 2. Nf3 g6 3. c4 Bg7 4. d4 cxd4 5. Nxd4 Nc6 6. Be3 Nf6 7. Nc3 d6 8. Be2 O-O 9. O-O Bd7 10. Qd2 Nxd4 11. Bxd4 Bc6 12. f3 Nd7 13. Bxg7 Kxg7 14. Qd4+ f6 15. Rac1 a5 16. b3 Nc5 17. Nd5 Bxd5 18. cxd5 Qb6 19. Rc4 Rfc8 20. Rfc1 Qd8 21. Kf1 Nd7 22. Qc3 Rxc4 23. Qxc4 Nc5 24. Qb5 Kf7 25. h3 Qe8 26. Ke1 Qf8 27. Kf1 Qh6 28. Qc4 Qf4 29. Kg1 Qd2 30. Qc2 Qb4 31. Qc3 Qb6 32. Kf1 Rc8 33. Qd2 Kg7 34. Qe1 Rc7 35. Bc4 Na6 36. Bxa6 Qxa6+ 37. Kf2 Qb6+ 38. Kf1 Qb5+ 39. Kf2 Rc5 40. Rc3 Kf7 41. Qc1 Rxc3 42. Qxc3 b6 43. a4 Qc5+ 44. Qxc5 dxc5 45. Ke3 Ke8 46. Kd3 h5 47. Kc4 Kd7 48. Kb5 Kc7 49. f4 h4 50. e5 Kb7 51. exf6 exf6 52. d6 f5 53. d7 Kc7 54. d8=Q+ Kxd8 55. Kxb6 Ke7 56. Kxa5 Kd6 57. Kb6 Kd5 58. a5 Ke4 59. a6 Kxf4 60. a7 c4 61. bxc4 Kg3 62. a8=Q g5 63. Qf3+ Kh2 64. Qxf5 Kxg2 65. Qxg5+ Kxh3 66. c5 1-0

[Event "CAN-ch w"]
[Site "Scarborough CAN"]
[Date "1989.09.16"]
[Round "2"]
[White "Starr (Shterenberg), Nava"]
[Black "Das, Urmila"]
[Result "1/2-1/2"]
[WhiteElo "2193"]
[BlackElo "1813"]
[PlyCount "118"]
[GameId "2160767912502427"]
[EventDate "1989.09.15"]
[EventType "tourn"]
[EventRounds "10"]
[EventCountry "CAN"]
[SourceTitle "CFC 1989.12"]

1. e4 e6 2. b3 d5 3. Bb2 Nf6 4. e5 Nfd7 5. f4 c5 6. Nf3 Nc6 7. Be2 Qb6 8. d3 Qb4+ 9. Qd2 Qxd2+ 10. Nbxd2 Nb4 11. Bd1 d4 12. O-O Nd5 13. Ng5 Ne3 14. Rf2 Be7 15. Nge4 Nb6 16. Nc4 Nbxc4 17. dxc4 Nxd1 18. Rxd1 O-O 19. c3 dxc3 20. Bxc3 b6 21. Rfd2 Bb7 22. Nd6 Bc6 23. Kf2 Rfd8 24. Rd3 Rd7 25. Nb5 Rxd3 26. Rxd3 Bxb5 27. cxb5 Rd8 28. Ke3 Rxd3+ 29. Kxd3 g6 30. a4 Kf8 31. a5 Ke8 32. Kc4 Kd7 33. Bd2 Kc7 34. a6 Kd7 35. Be3 Kc7 36. Kd3 Bd8 37. g4 Kd7 38. Bf2 Kc7 39. Ke4 Kd7 40. f5 Ke8 41. f6 Kf8 42. Be1 Bc7 43. Bc3 Kg8 44. b4 c4 45. Kd4 Bd8 46. Kxc4 Bc7 47. Kd4 Bb8 48. Ke4 Bc7 49. Bd4 Kf8 50. h4 Ke8 51. Kf4 Kf8 52. Ke4 Ke8 53. Be3 Kf8 54. Bc5+ Ke8 55. Be7 h6 56. Kf4 Bb8 57. Ke4 Bc7 58. Kd4 Bb8 59. Ke4 Bc7 1/2-1/2

[Event "CAN-ch w"]
[Site "Scarborough CAN"]
[Date "1989.09.17"]
[Round "3"]
[White "Baltgailis, Vesma"]
[Black "Starr (Shterenberg), Nava"]
[Result "0-1"]
[WhiteElo "1984"]
[BlackElo "2193"]
[PlyCount "94"]
[GameId "2160767912502428"]
[EventDate "1989.09.15"]
[EventType "tourn"]
[EventRounds "10"]
[EventCountry "CAN"]
[SourceTitle "CFC 1989.12"]

1. c4 e5 2. g3 d6 3. Bg2 f5 4. e3 Nf6 5. Ne2 Be7 6. Nbc3 O-O 7. O-O c6 8. d4 Qe8 9. b4 Qf7 10. Qb3 e4 11. d5 Nbd7 12. f3 exf3 13. Bxf3 Ne5 14. Bg2 Qh5 15. Nf4 Qf7 16. dxc6 bxc6 17. h4 Rb8 18. a3 Ba6 19. b5 cxb5 20. Ncd5 bxc4 21. Nxe7+ Qxe7 22. Qa2 Bb7 23. Rb1 Bxg2 24. Rxb8 Rxb8 25. Qxg2 Qb7 26. Qxb7 Rxb7 27. Ne6 g6 28. e4 Nxe4 29. Bh6 c3 30. Nd4 Nxg3 31. Re1 Ne4 32. h5 Rb2 33. Rf1 Nd2 34. Rc1 Ndf3+ 35. Kf1 Nxd4 36. Rxc3 Rc2 37. Rg3 Kf7 38. a4 Ng4 39. hxg6+ hxg6 40. Rh3 Ne6 41. a5 g5 42. Bxg5 Nxg5 43. Rd3 Ke6 44. a6 f4 45. Kg1 f3 46. Rd1 Rg2+ 47. Kh1 Nf2# 0-1